|
|
|
|
| LEADER |
02826nem a22004812a 4500 |
| 001 |
mzk03001048689 |
| 003 |
CZ BrMZK |
| 005 |
20110908122523.0 |
| 007 |
aj|ca||| |
| 008 |
070418s1694 it ij|||||a|||r|0|||itaod |
| 034 |
1 |
|
|a a
|b 2500000
|d E0071500
|e E0164000
|f N0465000
|g N0355500
|
| 040 |
|
|
|a BOA001
|b cze
|
| 043 |
|
|
|a e-it---
|
| 072 |
|
7 |
|a 912:904
|x Staré mapy
|2 Konspekt
|9 7
|
| 080 |
|
|
|a (084.3)
|2 MRF
|
| 080 |
|
|
|a (450)
|2 MRF
|
| 080 |
|
|
|a 912.43:069.5
|2 MRF
|
| 100 |
1 |
|
|a Cantelli, Giacomo,
|d 1643-1695
|7 mzk2007417273
|4 aut
|
| 245 |
1 |
2 |
|a L'Italia
|h [kartografický dokument] /
|c Dedicata All'Ill.mo Reu.mo Sig.re Monsig.r Gio: Battista Spinola, Referendario dellvna, e dell altra segnatura di Nro. Sig.re dell'Alma Citta di Roma e suo Distretto General Gouernatore, e Vice Camerlengo etc. dal suo Hummo. Divot. et Oblig. Ser. Domenico de Rossi ; Desctitta da Giacomo Cantelli Geografo del Ser. di Modena, e data Luce da Domenico de Rossi erede di Gio. Giac. de Rossi in Roma alla Pace con Priuil. del. S.P. e Licenia de Sup. l'Anno 1694 il 15. Luglio ; Ant. Barbey Sc.
|
| 255 |
|
|
|a Měřítko [ca 1:2 500 000]. 4,3 cm = 60 Miglia d'Italia. 4,4 cm = 24 Leghe comuni di Francia. 4,1 cm = 18 Leghe comuni di Spagna. 4,1 cm = 14 Leghe comuni Todesche
|c (007°15´00" v.d.--016°40´00" v.d./046°50´00" s.š.--035°55´00" s.š.)
|
| 260 |
|
|
|a in Roma :
|b data Luce da Domenico de Rossi erede di Gio. Giac. de Rossi alla Pace,
|c 1694
|
| 300 |
|
|
|a 1 mapa :
|b mědirytina, podlepená papírem ;
|c 45 x 57,5 cm
|
| 500 |
|
|
|a Podlepeno papírem o velikosti 57 x 65 cm
|
| 500 |
|
|
|a Výzdoba: V pravém horním rohu nápisová deska doprovázená anděly držícími znak, u dolního okraje uprostřed ozdobná nápisová kartuše v podobě lastury držená mytologickými postavami obsahující vydavatelské údaje a měřítka, v mapovém rámci geografické souřadnice
|
| 510 |
3 |
|
|a www(Ryhiner Map Collection)
|
| 510 |
4 |
|
|a Kuchař, K. Mapová sbírka B.P. Molla,
|c s. 276
|
| 655 |
|
7 |
|a historické mapy
|7 fd186723
|2 czenas
|
| 650 |
0 |
4 |
|a Mollova mapová sbírka
|
| 650 |
0 |
7 |
|a mapové sbírky
|z Česko
|7 ph182407
|2 czenas
|
| 610 |
2 |
7 |
|a Moravská zemská knihovna (Brno, Česko).
|b Mapová sbírka B.P. Molla
|7 mzk2005304487
|2 czenas
|
| 651 |
|
7 |
|a Itálie
|7 ge129398
|2 czenas
|
| 700 |
1 |
|
|a Barbey, Antonio,
|d činný 17. století
|7 mzk2008453552
|4 egr
|
| 700 |
1 |
|
|a De Rossi, Domenico,
|d 1647-asi 1729
|7 ola2011655603
|4 pbl
|
| 700 |
1 |
|
|a De Rossi, Giovanni Giacomo,
|d 1627-1691
|7 mzk2009533749
|4 pbl
|
| 856 |
4 |
1 |
|u http://mapy.mzk.cz/mzk03/001/048/689/2619269847
|y Digitalizovaný dokument
|
| 903 |
|
|
|a RP
|
| 910 |
|
|
|a BOA001
|b Moll-0002.479
|
| 978 |
|
|
|b De Rossi, Domenico
|a Roma
|c 1694
|
| 978 |
|
|
|b De Rossi, Giovanni Giacomo
|a Roma
|c 1694
|
| 984 |
|
|
|a Řím
|b Itálie
|
| 985 |
|
|
|a 1651-1700
|
| 990 |
|
|
|a MP
|
| 991 |
|
|
|k mzk
|